MARC

LEADER 00000nam0a2200000 4500
001 275208
005 20231101234812.0
035 |a (RuTPU)RU\TPU\book\298441 
090 |a 275208 
100 |a 20141112d1985 k y0rusy50 ca 
101 0 |a rus 
102 |a RU 
105 |a a z 001zy 
200 1 |a Кристаллизация и свойства кристаллов  |e межвузовский сборник  |f Новочеркасский политехнический институт им. Серго Орджоникидзе (НПИ) ; под ред. В. Н. Лозовского 
210 |a Новочеркасск  |c Изд-во НПИ  |d 1985 
215 |a 155 с.  |c ил. 
320 |a Библиография в конце статей 
606 1 |a Кристаллизация  |x (кристаллография)  |2 stltpush  |3 (RuTPU)RU\TPU\subj\79323  |9 87913 
610 1 |a полупроводниковые материалы 
610 1 |a очистка 
610 1 |a расчет 
610 1 |a расплавы 
610 1 |a свойства 
610 1 |a кремний 
610 1 |a арсенид галлия 
610 1 |a эпитаксиальные слои 
610 1 |a жидкие включения 
610 1 |a монокристаллы 
610 1 |a сегнетоэлектрики 
610 1 |a магнитные домены 
675 |a 548.5  |v 4 
702 1 |a Лозовский  |b В. Н.  |4 340 
712 0 2 |a Новочеркасский политехнический институт им. Серго Орджоникидзе (НПИ)  |c (1948-1993)  |2 stltpush  |3 (RuTPU)RU\TPU\col\227 
801 1 |a RU  |b 63413507  |c 20141112 
801 2 |a RU  |b 63413507  |c 20200820  |g RCR 
942 |c BK